Every Multiple Word Country - Statistics

General Stats
  • This quiz has been taken 1,967 times
    1,965 since last reset
  • The average score is 31 of 35
Answer Stats
Answer % Correct
North Korea
96%
South Korea
96%
Dominican Republic
95%
South Africa
95%
United Kingdom
95%
United States
95%
Democratic Republic of the Congo
94%
New Zealand
94%
Trinidad and Tobago
94%
South Sudan
93%
St Kitts and Nevis
93%
Antigua and Barbuda
92%
Papua New Guinea
92%
St Lucia
92%
Marshall Islands
91%
St Vincent and the Grenadines
91%
Republic of the Congo
90%
Solomon Islands
90%
El Salvador
89%
San Marino
89%
Saudi Arabia
88%
United Arab Emirates
88%
Vatican City
88%
Central African Republic
87%
Costa Rica
87%
Cape Verde
86%
Equatorial Guinea
86%
Guinea-Bissau
86%
Sao Tome and Principe
86%
Bosnia and Herzegovina
85%
East Timor
85%
Sri Lanka
84%
Burkina Faso
82%
Ivory Coast
81%
Sierra Leone
79%
No matching quizzes found
Score Distribution
Percent of People with Each Score
Percentile by Number Answered
Your Score History
You have not taken this quiz since the last reset